| 000 | 00610nam a2200217Ia 4500 | ||
|---|---|---|---|
| 003 | OSt | ||
| 005 | 20250503114604.0 | ||
| 008 | 210324s9999||||xx |||||||||||||| ||und|| | ||
| 040 | _cSTCPL | ||
| 041 | _aMAL | ||
| 082 |
_a220.07 _bPAT-B |
||
| 100 |
_aPathrapankal, M J _qഎം ജെ പത്രാങ്കൽ |
||
| 245 | 0 |
_aBible patanangal / _cby M J Pathrapankal _hബൈബിള് പഠനങ്ങള് |
|
| 250 | _a2nd ed. | ||
| 260 |
_aIndia : _bJanatha Book Stall , _c1974 . |
||
| 300 |
_a162 p. _bPB |
||
| 650 | _aReligion | ||
| 650 | _aBible Study | ||
| 942 | _cBK | ||
| 942 |
_2ddc _n0 |
||
| 999 |
_c20489 _d20489 |
||